Český železniční biografický slovník
| Titel: | Český železniční biografický slovník |
|---|---|
| Teil: | [1]. A-M |
| Verfasser: | ; |
| Ausgabe: | Vydání první |
| Veröffentlicht: | Praha : Národní archiv, 2025 |
| Umfang: | 566 Seiten : Illustrationen, Porträts |
| Format: | Buch |
| Sprache: | Tschechisch |
| Schriftenreihe/ mehrbändiges Werk: |
Český železniční biografický slovník ; [1] alle Bände anzeigen
4190 |
X
alg: 53214752 001A $03004:04-08-25 001B $03004:04-08-25 $t13:19:59.000 001D $03004:04-08-25 001U $0utf8 001X $00 002@ $0Afu 002C $aText $btxt $2rdacontent 002D $aohne Hilfsmittel zu benutzen $bn $2rdamedia 002E $aBand $bnc $2rdacarrier 003@ $0532147529 003O $01530440978 $aOCoLC 010@ $acze 010E $erda 011@ $a2025 021A $aA-M 028A $BVerfasser $4aut $7140619976 $8Krejčiřík, Mojmír$Z1942- [Tp3] $9221057994 028C $BVerfasser $4aut $7 $8Kunt, Miroslav [Tnx] $9170965511 032@ $aVydání první 033A $pPraha $nNárodní archiv 034D $a566 Seiten 034M $aIllustrationen, Porträts 036C $aČeský železniční biografický slovník $x11 $l[1] 036D $x11 $8Český železniční biografický slovník / Mojmír Krejčiřík ; Miroslav Kunt $9530706261 036E $a4190 037A $aEnthält Literaturangaben lok: 53214752 24 exp: 53214752 24 1 #EPN 201B/01 $004-08-25 $t13:48:18.000 201C/01 $004-08-25 201U/01 $0utf8 203@/01 $01315021803 208@/01 $a04-08-25 $bz 209A/01 $aL 62,106 : 1 $dd $f050 $hL 62 106 / B 1 $x00 209C/01 $a25.04000 K $h25 04000 K 209G/01 $a75092245 $x00 209G/01 $aLesesaal $x01 220C/01 $akon 247C/01 $8358050-7Marburg, Bibliothek des Herder-Instituts Marburg $9102600961
| LEADER | 00000cam a2200000 cc4500 | ||
|---|---|---|---|
| 001 | 532147529 | ||
| 003 | DE-603 | ||
| 005 | 20250804131959.0 | ||
| 007 | tu | ||
| 008 | 250804s2025 xx |||| | u00||u|cze c | ||
| 035 | |a (DE-599)HEB532147529 | ||
| 035 | |a (OCoLC)1530440978 | ||
| 040 | |a DE-603 |b ger |c DE-603 |d DE-603 |e rda | ||
| 041 | |a cze | ||
| 100 | 1 | |a Krejčiřík, Mojmír |d 1942- |e Verfasser |4 aut |0 (DE-603)221057994 |0 (DE-588)140619976 |2 gnd | |
| 245 | 0 | 0 | |a Český železniční biografický slovník |n [1] |p A-M |
| 250 | |a Vydání první | ||
| 264 | 1 | |a Praha |b Národní archiv |c 2025 | |
| 300 | |a 566 Seiten |b Illustrationen, Porträts | ||
| 336 | |a Text |b txt |2 rdacontent | ||
| 337 | |a ohne Hilfsmittel zu benutzen |b n |2 rdamedia | ||
| 338 | |a Band |b nc |2 rdacarrier | ||
| 490 | 0 | |a 4190 | |
| 500 | |a Enthält Literaturangaben | ||
| 700 | 1 | |a Kunt, Miroslav |e Verfasser |4 aut |0 (DE-603)170965511 | |
| 773 | 0 | 8 | |q 11 |w (DE-603)530706261 |
| 924 | 0 | |9 Mb 50 |a (DE-603)1315021803 |b DE-Mb50 |c HES |d d |g L 62,106 : 1 |h Lesesaal | |
alle Bände anzeigen

